[Event "URS Cup"]
[Site "Tbilisi"]
[Date "1974.??.??"]
[Round "?"]
[White "Alburt, Lev O"]
[Black "Nevednichy, Boris M"]
[Result "1-0"]
[WhiteElo "2420"]
[BlackElo "2200"]

1.c4 e5 2.Nc3 Nc6 3.Nf3 f5 4.d4 e4 5.Bg5 Nf6 6.Nd2 Bb4 7.e3 Bxc3 8.bxc3 d6
9.f3 exf3 10.Qxf3 O-O 11.Bd3 Ne7 12.O-O h6 13.Bxf6 Rxf6 14.e4 f4 15.Rae1 Nc6
16.e5 dxe5 17.dxe5 Rf8 18.e6 Ne7 19.Qe4 g6 20.Rxf4 Rxf4 21.Qxf4 Qxd3 22.Qf7+ Kh8
23.Ne4 Bxe6 24.Qf6+ Kg8 25.Qxe6+ Kf8 26.Qxe7+ Kxe7 27.Nf2+ Kf6 28.Nxd3 Rd8
29.Re3 Rd6 30.Kf2 Ra6 31.Re2 b6 32.Ke3 c5 33.Rf2+ Kg5 34.Ne5 Ra3 35.Kd3 a6
36.Nd7 b5 37.Nxc5  1-0

[Event "URS Cup"]
[Site "Tbilisi"]
[Date "1974.??.??"]
[Round "?"]
[White "Alburt, Lev O"]
[Black "Lukin, Andrei M"]
[Result "1/2-1/2"]
[WhiteElo "2420"]
[BlackElo "2440"]

1.c4 Nf6 2.Nc3 g6 3.e4 d6 4.d4 Bg7 5.Be2 O-O 6.Bg5 h6 7.Be3 c5 8.e5 Nfd7
9.exd6 exd6 10.Nf3 Nc6 11.Qd2 Kh7 12.O-O b6 13.Rad1 Nf6 14.h3 Bf5 15.Qc1 Qc7
16.Rfe1 Rad8 17.Bf1 Qb7 18.g4 Be4 19.Nxe4 Nxe4 20.Bg2 Qc8 21.Qc2 Nf6 22.Qa4 Kg8
23.dxc5 dxc5 24.Rxd8 Rxd8 25.Bf4 Qd7 26.a3 Nh7 27.Nd2 Nd4 28.Qxd7 Rxd7 29.Re8+ Nf8
30.Bd5 Kh7 31.Bb8 Nfe6 32.Kf1 Nc7 33.Bxc7 Rxc7 34.Ne4 Rd7 35.h4 Nf3 36.g5 Nxh4
37.Nf6+ Bxf6 38.gxf6 Nf5 39.Rf8 Nd6 40.f4 g5 41.f5 Nxf5 42.Bxf7 Rd4 43.Ke1 Nd6
44.Bh5 Rf4 45.b3 g4 46.Ra8 Rxf6 47.Rxa7+ Kg8 48.Bxg4 Nf7 49.Rb7 Ne5 50.Bd1 Kf8
51.Bh5 Rf5 52.Be2 Rf6 53.Kd2 Ke8 54.Ke3 Kd8 55.Bh5 Rf5 56.Bd1 Rf6 57.Ke4 Nf7
58.Ra7 Re6+ 59.Kf5 Re1  1/2-1/2

[Event "URS Cup"]
[Site "Tbilisi"]
[Date "1974.??.??"]
[Round "?"]
[White "Alburt, Lev O"]
[Black "Lukin, Andrei M"]
[Result "0-1"]
[WhiteElo "2420"]
[BlackElo "2440"]

1.c4 e5 2.Nc3 d6 3.Nf3 f5 4.d4 e4 5.Ng5 Be7 6.Nh3 Nf6 7.Bg5 Be6 8.e3 Nbd7
9.Qb3 Rb8 10.Nf4 Bf7 11.Qa4 a6 12.Bxf6 Bxf6 13.g4 fxg4 14.h3 g3 15.fxg3 O-O
16.Qc2 c5 17.O-O-O cxd4 18.exd4 b5 19.Nxe4 bxc4 20.Bxc4 Rc8 21.Nd5 Kh8 22.Nxd6 Bxd5
23.Nxc8 Bxh1 24.Nd6 Qe7 25.Nf7+ Rxf7 26.Rxh1 Rf8 27.Qd3 Rc8 28.Kb1 Rxc4  0-1

[Event "URS-JUG"]
[Site "Odessa"]
[Date "1975.??.??"]
[Round "1"]
[White "Alburt, Lev O"]
[Black "Gligoric, Svetozar"]
[Result "1/2-1/2"]
[WhiteElo "2420"]
[BlackElo "2575"]

1.c4 g6 2.Nc3 Bg7 3.d4 Nf6 4.e4 d6 5.Be2 O-O 6.Bg5 h6 7.Be3 e5 8.d5 c6 9.Qd2 cxd5
10.cxd5 Kh7 11.h4 Ng4 12.Bxg4 Bxg4 13.h5 g5 14.f3 Bd7 15.g4 Qf6 16.Ke2 Rc8
17.Nh3 Bf8 18.Rhc1 Na6 19.Rab1 Be7 20.Nf2 Nc5 21.b4  1/2-1/2

[Event "URS-JUG"]
[Site "Odessa"]
[Date "1975.??.??"]
[Round "5"]
[White "Alburt, Lev O"]
[Black "Ostojic, Predrag"]
[Result "1-0"]
[WhiteElo "2420"]
[BlackElo "2485"]

1.d4 Nf6 2.c4 e6 3.g3 c5 4.Nf3 d5 5.cxd5 exd5 6.Bg2 Nc6 7.O-O Be7 8.Nc3 O-O
9.Bg5 cxd4 10.Nxd4 h6 11.Be3 Ne5 12.Qb3 Nc4 13.Bf4 Na5 14.Qc2 Bd6 15.Bxd6 Qxd6
16.Rfd1 Bd7 17.Nf5 Qc5 18.Ne3 d4 19.Ncd5 Qxc2 20.Nxf6+ gxf6 21.Nxc2 d3 22.Rxd3 Bf5
23.Rd5 Nb3 24.Rxf5 Nxa1 25.Nxa1 Rac8 26.Nb3 Rc2 27.e3 b6 28.Nd4 Rxb2 29.Bd5 Kg7
30.Rh5 Rc8 31.Nf5+ Kf8 32.Rxh6 Rc1+ 33.Kg2  1-0

[Event "URS-chT"]
[Site "Riga"]
[Date "1975.??.??"]
[Round "?"]
[White "Alburt, Lev O"]
[Black "Vooremaa, Andres"]
[Result "1-0"]
[WhiteElo "2420"]
[BlackElo "2415"]

1.d4 d5 2.c4 e6 3.Nf3 Nf6 4.g3 c5 5.cxd5 exd5 6.Bg2 Nc6 7.O-O Be7 8.Nc3 O-O
9.Bg5 c4 10.Ne5 Be6 11.b3 cxb3 12.Nxc6 bxc6 13.axb3 h6 14.Bxf6 Bxf6 15.Na4 Qb8
16.Nc5 Be7 17.Qc2 Bg4 18.e3 Rc8 19.h3 Bh5 20.Rfc1 Bg6 21.Qb2 a5 22.g4 Ra7
23.Qc3 Bd8 24.Nd3 Bxd3 25.Qxd3 Qd6 26.Rc3 g6 27.Rac1 a4 28.bxa4 Rxa4 29.Rc5 Ra5
30.Rxa5 Bxa5 31.Qa6 Qd8 32.Bxd5 Kg7 33.Bxc6 Rb8 34.Bb7 Bd2 35.Rc2 Bxe3 36.fxe3 Qe7
37.Rb2 Qxe3+ 38.Kg2 Qxd4 39.Qb6 Qe5 40.Rf2 h5 41.gxh5 Qg5+ 42.Kh2 Rd8 43.Qc7 Kh6
44.Qxf7 Qxh5 45.Qe6 Qg5 46.Qe2 Rd7 47.Qb2 Qc5 48.Bg2 Qc7+ 49.Kh1 Rd1+ 50.Bf1 Qc8
51.Kg1 Qd8 52.Qe2 Rd5 53.Rg2 Rf5 54.Qe3+ Kg7 55.Bd3 Rf6 56.Rb2 Qd6 57.Rb7+  1-0

[Event "URS-chT"]
[Site "Riga"]
[Date "1975.??.??"]
[Round "?"]
[White "Alburt, Lev O"]
[Black "Suetin, Alexey S"]
[Result "1/2-1/2"]
[WhiteElo "2420"]
[BlackElo "2520"]

1.d4 Nf6 2.c4 c5 3.Nf3 cxd4 4.Nxd4 a6 5.Nc3 e6 6.g3 Qc7 7.e3 Nc6 8.Be2 b6
9.Nxc6 dxc6 10.Bf3 Bb7 11.Bd2 Be7 12.O-O O-O 13.Qe2 Rad8 14.Rad1 Nd7 15.Bg2 c5
16.e4 Ne5 17.Bf4 Bf6 18.Rxd8 Rxd8 19.h4 Qc8 20.h5 g6 21.Rd1 Rxd1+ 22.Nxd1 Qd8
23.b3 Bc6 24.Be3 Qd3 25.Qxd3 Nxd3 26.hxg6 hxg6 27.Bd2 Bd4 28.a4 Nb4 29.Bxb4 cxb4
30.Kf1 Kf8 31.f4 e5 32.Ke2 Ke7 33.Ne3 Bxe3 34.Kxe3 Kd6 35.Bh3 f6 36.Bc8 a5
37.Bg4 Kc5 38.fxe5 fxe5 39.Kd3 Be8 40.Bh3 Bf7 41.Bg4 g5 42.Bd1 Be6 43.g4  1/2-1/2

[Event "URS-chT"]
[Site "Riga"]
[Date "1975.??.??"]
[Round "?"]
[White "Faibisovich, Vadim Z"]
[Black "Alburt, Lev O"]
[Result "0-1"]
[WhiteElo "2440"]
[BlackElo "2420"]

1.Nf3 Nf6 2.b3 d5 3.Bb2 c5 4.e3 g6 5.c4 Bg7 6.cxd5 Qxd5 7.Nc3 Qf5 8.d4 O-O
9.Bd3 Qh5 10.Be2 cxd4 11.Nxd4 Qa5 12.O-O Rd8 13.Qc1 e5 14.Nf3 Nc6 15.Nd2 Be6
16.Nc4 Bxc4 17.Bxc4 e4 18.Nb5 a6 19.Bc3 Qb6 20.Nd4 Rac8 21.Nxc6 Qxc6 22.Bd4 Ng4
23.h3 Bxd4 24.exd4 Nf6 25.Qf4 Qd6 26.Qxd6 Rxd6 27.a4 Rxd4 28.Rfd1 Rcd8 29.Rxd4 Rxd4
30.Kf1 Ne8 31.Ke2 Nd6 32.Ke3 Nf5+ 33.Ke2 Rd6 34.Rd1 Rxd1 35.Kxd1 Nd6 36.Bd5 Kg7
37.Kd2 Kf6 38.f4 exf3 39.Bxf3 Ke5 40.Ke3 a5 41.b4 b6 42.bxa5 bxa5 43.Bc6 h5
44.Kd3 h4 45.Ke3 f5 46.Bd7 g5 47.Bc6 Ne4 48.Bd7 Nc5 49.Bc6 Ne4 50.Bd7 Nd6
51.Bc6 g4 52.hxg4 fxg4 53.Bd7 Nf5+ 54.Kf2 Kf4 55.Bc6 Ng3 56.Bb7 Ne4+ 57.Kg1 Nc5
58.Bc6 Kg3  0-1

[Event "URS-chT"]
[Site "Riga"]
[Date "1975.??.??"]
[Round "?"]
[White "Siniavsky, A."]
[Black "Alburt, Lev O"]
[Result "1-0"]
[WhiteElo "2200"]
[BlackElo "2420"]

1.d4 Nf6 2.c4 c5 3.d5 b5 4.cxb5 a6 5.b6 a5 6.Nc3 Ba6 7.Nf3 d6 8.g3 Nbd7 9.e4 Qxb6
10.Bd3 g6 11.O-O Bg7 12.h3 O-O 13.Re1 Bxd3 14.Qxd3 a4 15.Rb1 Ra7 16.Be3 Qa6
17.Qc2 Rb8 18.g4 Ne8 19.Bf4 Qc4 20.Nd2 Qd4 21.Nf3 Qc4 22.Nd2 Qa6 23.Nf3 Ne5
24.Nxe5 Bxe5 25.Bxe5 dxe5 26.Nd1 Qa5 27.Re3 Nd6 28.Rc3 Qb4 29.f3 Nb5 30.Rc4 Qe1+
31.Kg2 Rab7 32.Rc1 Nd4 33.Qf2 Qxf2+ 34.Kxf2 Rxb2+ 35.Nxb2 Rxb2+ 36.Ke3 Rxa2
37.Rxc5 Re2+ 38.Kd3 Rf2 39.Rc8+ Kg7 40.R1c7 a3 41.Rxe7 Rxf3+ 42.Kc4 Nb3 43.Ra8 Nd2+
44.Kb5 Rb3+ 45.Kc6 Kf6 46.d6 Rc3+ 47.Kd7 Nc4 48.Ra6 Rd3 49.g5+ Kg7 50.Kc7 a2
51.d7 Ra3 52.Rxa3 Nxa3 53.d8=Q a1=Q 54.Qd5 Qc1+ 55.Kd8 Qf4 56.Qxe5+ Qxe5
57.Rxe5 Nc4 58.Re7 Kf8 59.Re8+ Kg7 60.Re7 Kf8 61.e5 Nd2 62.e6 fxe6 63.Rxh7 Nf3
64.h4 Kg8 65.Rb7 Nxh4 66.Ke7 e5 67.Kf6 e4 68.Re7 Nf5 69.Rxe4 Kh7 70.Ra4  1-0

[Event "URS-chT"]
[Site "Riga"]
[Date "1975.??.??"]
[Round "?"]
[White "Kogan, Izrail"]
[Black "Alburt, Lev O"]
[Result "1/2-1/2"]
[WhiteElo "2200"]
[BlackElo "2420"]

1.d4 Nf6 2.c4 c5 3.d5 b5 4.cxb5 a6 5.bxa6 Bxa6 6.Nc3 d6 7.g3 g6 8.Bh3 Nbd7
9.Nf3 Nb6 10.O-O Bc4 11.b3 Nbxd5 12.Bb2 Nxc3 13.Bxc3 Bb5 14.Qc2 Bg7 15.Rfe1 O-O
16.e4 Qb6 17.Nd2 Qa6 18.a4 Bd3 19.Qb2 Rab8 20.Re3 c4 21.b4 Bh6 22.Ree1 Qa7
23.b5 e5 24.Qb4 Bxd2 25.Bxd2 Nxe4 26.Be3 Qb7 27.f3 Nc5 28.Bxc5 dxc5 29.Qxc5 Qxf3
30.Qxe5 Rfe8 31.Qxe8+ Rxe8 32.Rxe8+ Kg7 33.Bg2 Qf6 34.Ree1 c3 35.Bf1 Qd4+
36.Kh1 Bxf1 37.Rxf1 Qe4+ 38.Kg1 Qe3+  1/2-1/2

[Event "CSR-ch int"]
[Site "Decin"]
[Date "1977.??.??"]
[Round "2"]
[White "Alburt, Lev O"]
[Black "Tukmakov, Vladimir B"]
[Result "1/2-1/2"]
[WhiteElo "2505"]
[BlackElo "2540"]

1.d4 Nf6 2.c4 g6 3.Nc3 d5 4.Nf3 Bg7 5.cxd5 Nxd5 6.e4 Nxc3 7.bxc3 c5 8.Be2 O-O
9.O-O b6 10.Bg5 Bb7 11.Qd3 h6 12.Be3 cxd4 13.cxd4 e6 14.Rad1 Nc6 15.d5 exd5
16.exd5 Ne7 17.Qa3 Nxd5 18.Bc4 Qe7 19.Qxe7 Nxe7 20.Rd7 Bxf3 21.gxf3 Nf5 22.Rc1 Rae8
23.Bd5 Be5 24.Rxa7 Nxe3 25.fxe3 Bb8 26.Rd7 Rxe3 27.Rc6 Kg7 28.Be4 Kh8 29.Kf2 Ra3
30.Bd5 Ra7 31.Rxa7 Bxa7 32.Rc7 Bb8 33.Rb7 Bd6 34.Bxf7 Bc5+ 35.Kg2 Kg7 36.Bb3+ Kf6
37.Rh7 h5 38.f4 Bd6 39.Rd7 Bc5 40.h4 Bb4 41.Kf2 Bc5+ 42.Kf3 Bb4 43.Rb7 Bc5
44.Bc4 Bd4 45.a4 Bc5 46.Bd5 Bd4 47.Rc7 Bg1 48.Be4 Re8 49.Rc2 Bd4 50.Rd2 Bc5
51.Rd5 Be7 52.Rb5 Bd8 53.Rg5 Rg8 54.Rg2 Be7 55.Bb1 Bd8 56.Re2 Rg7 57.Rd2 Ke7
58.Re2+ Kf6 59.Rd2 Ke7 60.Rc2 Kd6 61.Rg2 Bxh4 62.Bxg6 Ra7 63.Be8 Bf6 64.Rg6 Ke7
65.Bc6 Rc7 66.Bd5 Ra7 67.Bc6 Rc7 68.Bb5 Kf7 69.f5 Rc3+  1/2-1/2

[Event "CSR-ch int"]
[Site "Decin"]
[Date "1977.??.??"]
[Round "3"]
[White "Fernandez, Juan C"]
[Black "Alburt, Lev O"]
[Result "1-0"]
[WhiteElo "2420"]
[BlackElo "2505"]

1.d4 Nf6 2.c4 c5 3.d5 b5 4.cxb5 a6 5.bxa6 g6 6.e3 Bg7 7.Nc3 O-O 8.Nf3 d6
9.Be2 Nbd7 10.O-O Qb6 11.Rb1 Bxa6 12.Bd2 Rfb8 13.b3 Bxe2 14.Qxe2 Qa6 15.Qxa6 Rxa6
16.Rfd1 Ne8 17.Na4 Nc7 18.Be1 f5 19.Rbc1 Nf6 20.Nc3 Nd7 21.Na4 Nf6 22.Nc3 Ne4
23.Na4 Nb5 24.Kf1 Rba8 25.Ng1 Rxa4 26.bxa4 Nbc3 27.Rd3 Nxa2 28.Rc4 Nb4 29.Bxb4 Rxa4
30.f3 Nf6 31.Ra3 Rxb4 32.Rxb4 cxb4 33.Ra5 Nd7 34.Rb5 Bc3 35.Ne2 Bd2 36.Nd4 Nc5
37.Ke2 Bc3 38.Nc6 Kf7 39.Nxb4 Be5 40.h3 Bg3 41.Nc6 h5 42.Ra5 Bh4 43.Ra7 Bg5
44.Nd8+ Kg7 45.Nb7 Nxb7 46.Rxb7 Kf6 47.f4 Bh4 48.Kf3 Be1 49.g4 hxg4+ 50.hxg4 Bc3
51.g5+ Kf7 52.Ke2 Ba5 53.Kd3 Be1 54.Rb1 Ba5 55.Rb2 Be1 56.Kc4 Ba5 57.Kb5 Bc3
58.Rc2 Be1 59.Rh2 Bg3 60.Re2 e5 61.dxe6+ Kxe6 62.Kc4 Bh4 63.Kd3 Kd5 64.Rh2  1-0

[Event "CSR-ch int"]
[Site "Decin"]
[Date "1977.??.??"]
[Round "6"]
[White "Alburt, Lev O"]
[Black "Meduna, Eduard"]
[Result "1-0"]
[WhiteElo "2505"]
[BlackElo "2390"]

1.d4 Nf6 2.c4 e6 3.g3 c5 4.Nf3 d5 5.Bg2 Nc6 6.cxd5 exd5 7.O-O Be7 8.Nc3 O-O
9.Bg5 Be6 10.dxc5 Bxc5 11.Bxf6 Qxf6 12.Nxd5 Qxb2 13.Nc7 Rad8 14.Qc1 Qxc1
15.Raxc1 Bb6 16.Nxe6 fxe6 17.Rc4 Nd4 18.Nxd4 Rxd4 19.Rxd4 Bxd4 20.Bxb7 Rb8
21.Ba6 Kf7 22.Rc1 Ke7 23.Rc7+ Kd8 24.Rc4 Rb1+ 25.Kg2 Rd1 26.Rc6 Kd7 27.Bb5 Rb1
28.Ba4 Ke7 29.Bb3 Kd7 30.Rc4 e5 31.e3 Bb6 32.Rg4 g6 33.Rh4 h5 34.Bf7 Rb2
35.Re4 h4 36.Rxe5 hxg3 37.hxg3 Kd6 38.Re6+ Kd7 39.Rxg6 Bxe3 40.Rf6 Ke7 41.Rf5 Bb6
42.Bc4 Rd2 43.Bb3 a5 44.Rf7+ Ke8 45.Rf4 Ke7 46.a4 Rb2 47.Bd5 Kd6 48.Bf7 Ke7
49.Bc4 Rb4 50.Re4+ Kf6 51.Bd3 Rb3 52.Bb5 Rb2 53.Re2 Rb1 54.Rc2 Bd4 55.f4 Kf5
56.Rd2 Rb4 57.Kf3 Rb3+ 58.Rd3 Rb4 59.g4+ Kf6 60.g5+ Kf5 61.Bd7+ Kg6 62.Rd2 Bc5
63.Be8+ Kg7 64.Bb5 Bd4 65.Rc2 Bg1 66.Rc7+ Kf8 67.f5 Bh2 68.Rc4 Rb1 69.Rc8+  1-0

[Event "CSR-ch int"]
[Site "Decin"]
[Date "1977.??.??"]
[Round "7"]
[White "Hort, Vlastimil"]
[Black "Alburt, Lev O"]
[Result "0-1"]
[WhiteElo "2620"]
[BlackElo "2505"]

1.d4 Nf6 2.c4 c5 3.d5 b5 4.cxb5 a6 5.bxa6 g6 6.Nc3 Bxa6 7.Nf3 d6 8.g3 Bg7
9.Bg2 Nbd7 10.O-O Nb6 11.Re1 O-O 12.Nd2 Qc7 13.Rb1 Qb7 14.b3 Nfxd5 15.Nxd5 Nxd5
16.Nf1 Nc3 17.Bxb7 Bxb7 18.Qd3 Be4 19.Qe3 Bd4 20.Qh6 Bxb1 21.a3 Ba2 22.Nd2 Rfb8
23.b4 cxb4 24.axb4 Rxb4 25.Nf3 Bg7 26.Qh3 Be6 27.Qf1 Bc4 28.Kg2 Ra1 29.Ng1 Rbb1
30.Kh3 h5 31.f4 Be6+ 32.Kg2 Nd5 33.Kf3 Bc3 34.Rd1 Bb2  0-1

[Event "CSR-ch int"]
[Site "Decin"]
[Date "1977.??.??"]
[Round "9"]
[White "Sikora Lerch, Jan"]
[Black "Alburt, Lev O"]
[Result "0-1"]
[WhiteElo "2410"]
[BlackElo "2505"]

1.e4 Nf6 2.e5 Nd5 3.c4 Nb6 4.c5 Nd5 5.Nc3 c6 6.Nf3 d6 7.Nxd5 cxd5 8.cxd6 exd6
9.Qb3 Nc6 10.Bb5 Be7 11.Qxd5 O-O 12.O-O Be6 13.Qe4 Nxe5 14.Nxe5 dxe5 15.Qxe5 Qb6
16.Be2 Rac8 17.Qb5 Qxb5 18.Bxb5 Bf6 19.d3 Rfd8 20.Bc4 b6 21.Bxe6 fxe6 22.Rd1 Rc2
23.Rb1 Bd4 24.Rd2 Rdc8 25.Rxc2 Rxc2 26.Be3 Bxb2 27.a4 Kf7 28.Kf1 Ke7 29.Ke1 Bc3+
30.Kd1 Ra2 31.Rc1 Be5 32.Rc4 Kd6 33.g3 h5 34.Ke1 Kd5 35.h3 Ra3 36.Ke2 Rc3
37.Rb4 Rc2+ 38.Kf3 Rb2 39.Rc4 a5 40.g4 hxg4+ 41.Kxg4 Rb4 42.f4 Bd4 43.Bxd4 Rxc4
44.Bxg7 Rxa4 45.h4 Ra2 46.Kg3 Ra3 47.h5 Rxd3+ 48.Kg2 Ke4 49.h6 Kxf4 50.h7 Rd8
51.h8=Q Rxh8 52.Bxh8 Ke3 53.Be5 b5 54.Bc7 a4 55.Bd6 Ke2 56.Kg3 e5 57.Bxe5 b4  0-1

[Event "CSR-ch int"]
[Site "Decin"]
[Date "1977.??.??"]
[Round "15"]
[White "Alburt, Lev O"]
[Black "Suba, Mihai"]
[Result "1/2-1/2"]
[WhiteElo "2505"]
[BlackElo "2455"]

1.d4 d5 2.c4 e6 3.Nf3 Nf6 4.Nc3 c5 5.cxd5 Nxd5 6.e4 Nxc3 7.bxc3 cxd4 8.cxd4 Nc6
9.Be2 Bb4+ 10.Bd2 Qa5 11.Bxb4 Qxb4+ 12.Qd2 Qxd2+ 13.Kxd2 Ke7 14.Ke3 b6  1/2-1/2

[Event "Tbilisi-Sukhumi"]
[Site "Tbilisi"]
[Date "1977.??.??"]
[Round "?"]
[White "Alexandria, Nana"]
[Black "Alburt, Lev O"]
[Result "1/2-1/2"]
[WhiteElo "2340"]
[BlackElo "2505"]

1.e4 Nf6 2.e5 Nd5 3.d4 d6 4.c4 Nb6 5.exd6 cxd6 6.Nc3 Bf5 7.d5 e6 8.Nf3 exd5
9.Nxd5 Nxd5 10.Qxd5 Qe7+ 11.Be2 Be4 12.Qb5+ Qd7 13.O-O Qxb5 14.cxb5  1/2-1/2

[Event "URS-FL"]
[Site "Ashkhabad"]
[Date "1978.??.??"]
[Round "3"]
[White "Razuvaev, Yuri S"]
[Black "Alburt, Lev O"]
[Result "1/2-1/2"]
[WhiteElo "2465"]
[BlackElo "2515"]

1.e4 Nf6 2.e5 Nd5 3.d4 d6 4.Nf3 Bg4 5.Be2 e6 6.O-O Be7 7.h3 Bh5 8.c4 Nb6
9.Nc3 O-O 10.Be3 d5 11.c5 Bxf3 12.gxf3 Nc8 13.f4 Nc6 14.b4 Bh4 15.Rb1 N8e7
16.Bd3 g6 17.Qg4 Nf5 18.Bxf5 exf5 19.Qf3 Ne7 20.b5 Qd7 21.a4 Rfd8 22.Kh2 b6
23.a5 Qe6 24.axb6 axb6 25.c6 Ra3 26.Bc1 Ra5 27.Bd2 Rda8 28.Ne2 Ra3 29.Rb3 Ra1
30.Rxa1 Rxa1 31.Bc1 h6 32.Ra3 Rxa3 33.Bxa3 Nc8 34.Nc3 Na7 35.Bb4 Kg7 36.Kg2 g5
37.fxg5 Bxg5 38.h4 Bxh4 39.Nxd5 Nxb5 40.Nf4 Qc4 41.Qh5 Qxb4 42.Qxh4 Qxd4
43.Qf6+  1/2-1/2

[Event "URS-FL"]
[Site "Ashkhabad"]
[Date "1978.??.??"]
[Round "4"]
[White "Alburt, Lev O"]
[Black "Tukmakov, Vladimir B"]
[Result "0-1"]
[WhiteElo "2515"]
[BlackElo "2570"]

1.d4 Nf6 2.c4 c5 3.d5 e6 4.Nc3 exd5 5.cxd5 d6 6.e4 g6 7.Nf3 Bg7 8.Bg5 h6
9.Bh4 a6 10.Nd2 b5 11.a4 b4 12.Ncb1 O-O 13.Bd3 Re8 14.O-O Nbd7 15.Re1 Ne5
16.Bf1 g5 17.Bg3 Ra7 18.Ra2 Rae7 19.b3 Nh5 20.Bxe5 Rxe5 21.g3 g4 22.Bg2 f5
23.f4 R5e7 24.Kh1 Bd4 25.Qc2 Nf6 26.Qd3 Kg7 27.Rc2 Nxd5 28.Rc4 Nf6 29.Rxd4 cxd4
30.Qxd4 Bb7 31.Kg1 Bxe4 32.Bxe4 d5 33.Qxb4 fxe4 34.Qd4 e3 35.Nf1 Re4 36.Qa7+ Qe7
37.Qxa6 Qb4 38.Qe2 Qxb3 39.h3 d4 40.hxg4 d3 41.Qf3 d2 42.Rd1 Qxd1  0-1

[Event "URS-FL"]
[Site "Ashkhabad"]
[Date "1978.??.??"]
[Round "5"]
[White "Ivanov, Alexander"]
[Black "Alburt, Lev O"]
[Result "0-1"]
[WhiteElo "2395"]
[BlackElo "2515"]

1.e4 Nf6 2.Nc3 d5 3.exd5 Nxd5 4.Bc4 Nb6 5.Bb3 Nc6 6.Nf3 Bf5 7.O-O e6 8.d4 Be7
9.Re1 Na5 10.d5 Nxb3 11.axb3 Nxd5 12.Nxd5 Qxd5 13.Qxd5 exd5 14.Nd4 Be4 15.c4 Bb4
16.Re2 O-O 17.Bd2 a5 18.Bxb4 axb4 19.Rxa8 Rxa8 20.f3 Bd3 21.Rd2 dxc4 22.bxc4 Bxc4
23.Rc2 b5 24.b3 Rd8 25.bxc4 Rxd4 26.cxb5 b3 27.Rxc7 Rd1+ 28.Kf2 h6 29.b6 b2
30.b7 b1=Q 31.Rc8+ Kh7 32.b8=Q Rd2+ 33.Kg3 Qg6+ 34.Kf4 Qf6+  0-1

[Event "URS-FL"]
[Site "Ashkhabad"]
[Date "1978.??.??"]
[Round "6"]
[White "Alburt, Lev O"]
[Black "Jussupow, Artur"]
[Result "1/2-1/2"]
[WhiteElo "2515"]
[BlackElo "2450"]

1.d4 Nf6 2.Nc3 d5 3.Bg5 g6 4.Bxf6 exf6 5.Nf3 Bg7 6.e3 O-O 7.Bd3 f5 8.O-O c5
9.Qd2 Be6 10.Rfd1 Nc6 11.dxc5 Qa5 12.Nb5 Bxb2 13.Rab1 Bf6 14.Nfd4 Qxd2 15.Rxd2 Rfc8
16.Nd6 Rc7 17.Rxb7 Rxb7 18.Nxb7 Rb8 19.Nxc6 Rxb7 20.Nd4 Rc7 21.Nb3 Be7 22.Bb5 Bxc5
23.Nxc5 Rxc5 24.Ba4 Kf8 25.Bb3 Ke7 26.Rd4 a5 27.Kf1 Kd6 28.Ke2 Bd7 29.Kd2 Bb5
30.Rh4 h5 31.Rd4 Ke5 32.g3 Bf1 33.Ra4 Ba6 34.f3 Bb7 35.f4+ Kd6 36.Ra3 Ba6
37.Ra4 Bf1 38.Rd4 Bb5 39.Kc1 Bf1 40.Kb2 Bb5 41.Kc1 Bf1 42.Kd2 Bb5  1/2-1/2

[Event "URS-FL"]
[Site "Ashkhabad"]
[Date "1978.??.??"]
[Round "8"]
[White "Alburt, Lev O"]
[Black "Kapengut, Albert Z"]
[Result "1-0"]
[WhiteElo "2515"]
[BlackElo "2465"]

1.c4 e5 2.Nc3 Nf6 3.Nf3 Nc6 4.e3 Bb4 5.Qc2 O-O 6.Nd5 a5 7.a3 Bc5 8.b3 d6
9.Bb2 Bg4 10.Be2 Nxd5 11.cxd5 Ne7 12.Bd3 Bb6 13.Bxh7+ Kh8 14.Ng5 f6 15.h4 Qd7
16.f3 Bf5 17.Bxf5 Qxf5 18.Qxf5 Nxf5 19.Ne4 Ne7 20.Nc3 c6 21.dxc6 bxc6 22.Kd1 Rfb8
23.Kc2 Rb7 24.g4 Rab8 25.Rab1 Ba7 26.Bc1 d5 27.e4 Bd4 28.a4 Bc5 29.d3 Bb4
30.h5 c5 31.Nxd5 Nxd5 32.exd5 Rd8 33.Be3 Rxd5 34.Rhg1 Rf7 35.Rg2 Kh7 36.Rbg1 Rfd7
37.Rd1 Rf7 38.Bc1 Rd4 39.Re2 Rfd7 40.Re4 g5 41.hxg6+ Kxg6 42.Bb2 Rxe4 43.fxe4 Rh7
44.Bc3 Kg5 45.Bxb4 cxb4 46.d4 Kxg4 47.Kd3 exd4 48.Rg1+ Kf4 49.Rf1+ Ke5 50.Rf5+ Ke6
51.Rxa5 Rh3+ 52.Kc4 Re3 53.Rd5 Rxe4 54.Rxd4 Re1 55.Kxb4 f5 56.a5 Ke5 57.Rd8 Ra1
58.Kb5 f4 59.Rf8 Rd1 60.Re8+ Kf5 61.a6 Rd7 62.Rf8+ Ke5 63.b4  1-0

[Event "URS-FL"]
[Site "Ashkhabad"]
[Date "1978.??.??"]
[Round "9"]
[White "Kochyev, Alexander"]
[Black "Alburt, Lev O"]
[Result "1-0"]
[WhiteElo "2555"]
[BlackElo "2515"]

1.Nf3 Nf6 2.d4 c5 3.d5 g6 4.Nc3 Bg7 5.e4 O-O 6.a4 d6 7.Be2 Na6 8.Bf4 Nb4
9.O-O Nh5 10.Be3 b6 11.Nd2 e6 12.Nc4 exd5 13.Nxd5 Nxd5 14.Qxd5 Be6 15.Qxd6 Qxd6
16.Nxd6 Bxb2 17.Rad1 Nf6 18.f3 Rfd8 19.Nb5 Bd7 20.Rb1 Be5 21.Rfd1 Ne8 22.f4 Bxb5
23.Bxb5 Bc7 24.e5 Ng7 25.Bc6 Rab8 26.c4 Nf5 27.Kf2 Nxe3 28.Kxe3 Kf8 29.Rd3 a6
30.Ke4 Rdc8 31.Bd7 Rd8 32.g4 Ke7 33.Rbd1 Kf8 34.Bc6 Rdc8 35.Bd7 Rd8 36.h4 Kg7
37.Bc6 Rdc8 38.Bd7 Rf8 39.g5 Bd8 40.Bc6 Be7 41.Rd7 Rfd8 42.h5 Kf8 43.h6 Rxd7
44.Rxd7 Rd8 45.Rd3 Rd4+ 46.Ke3 b5 47.cxb5 axb5 48.a5 Rd8 49.Bxb5  1-0

[Event "URS-FL"]
[Site "Ashkhabad"]
[Date "1978.??.??"]
[Round "12"]
[White "Sveshnikov, Evgeny"]
[Black "Alburt, Lev O"]
[Result "1/2-1/2"]
[WhiteElo "2565"]
[BlackElo "2515"]

1.g3 e5 2.c4 c6 3.Bg2 d5 4.cxd5 cxd5 5.Qb3 Nf6 6.Nc3 Nc6 7.Nxd5 Nd4 8.Nxf6+ Qxf6
9.Qd1 Bf5 10.d3 Rc8 11.Kf1 Bc5 12.e3 Nc6 13.Be4 O-O 14.Kg2 Rfd8 15.Qf3 Bxe4
16.dxe4 Qe6 17.Ne2 Nb4 18.Nc3 Qc4 19.Rd1 Nd3 20.Kg1 Rc6 21.Qe2 Rcd6 22.f3 b5
23.Nd5 Nb4 24.Kf2 Nxd5 25.exd5 Rxd5 26.Qxc4 bxc4 27.Rxd5 Rxd5 28.Ke2 e4 29.fxe4 Rh5
30.h4 Bd6 31.Kf3 Rb5 32.Bd2 Rxb2 33.Bc3 Rb6 34.e5 Bc7 35.Rc1 h5 36.Bd4 Rc6
37.Ke4 Bb6 38.a4 Rg6 39.Kf3 Rc6 40.Ke4 Rg6 41.Kf3  1/2-1/2

[Event "URS-FL"]
[Site "Ashkhabad"]
[Date "1978.??.??"]
[Round "14"]
[White "Kakageldyev, Amanmurad"]
[Black "Alburt, Lev O"]
[Result "1-0"]
[WhiteElo "2415"]
[BlackElo "2515"]

1.d4 Nf6 2.c4 c5 3.d5 b5 4.cxb5 a6 5.bxa6 g6 6.Nc3 Bxa6 7.Nf3 d6 8.g3 Nbd7
9.Bh3 Nb6 10.O-O Bg7 11.Re1 O-O 12.e4 Nfd7 13.Qc2 Nc4 14.Bxd7 Qxd7 15.b3 Ne5
16.Nxe5 Bxe5 17.Bb2 f5 18.Nd1 Bxb2 19.Nxb2 f4 20.Nc4 Qh3 21.Qd3 Rf6 22.Qf3 Bxc4
23.bxc4 Ra3 24.Qg2 Qg4 25.e5 dxe5 26.Re4 Qh5 27.g4 Qg5 28.Rae1 Rxa2 29.Qf3 Rf5
30.h4 Qxh4 31.gxf5 Ra6 32.Rxe5 Rf6 33.d6 exd6 34.Re8+ Kg7 35.R8e7+ Kh6 36.Qh1 Qxh1+
37.Kxh1 Rxf5 38.Kg2 Kg5 39.Kf3 d5 40.cxd5  1-0

[Event "Kiev"]
[Site "Kiev"]
[Date "1978.??.??"]
[Round "1"]
[White "Savon, Vladimir A"]
[Black "Alburt, Lev O"]
[Result "1-0"]
[WhiteElo "2560"]
[BlackElo "2510"]

1.e4 Nf6 2.e5 Nd5 3.d4 d6 4.Nf3 g6 5.Ng5 c6 6.c4 Nc7 7.Qf3 f6 8.exf6 exf6
9.Ne4 f5 10.Nec3 Ne6 11.d5 Nd4 12.Qe3+ Qe7 13.Na3 a6 14.Qxe7+ Bxe7 15.Be3 Bf6
16.dxc6 Ndxc6 17.O-O-O Be6 18.Rxd6 Kf7 19.c5 Be5 20.Rxe6 Kxe6 21.Bc4+ Kf6
22.Nd5+ Kg7 23.f4 Bd4 24.Bxd4+ Nxd4 25.Nb6 Ra7 26.Rd1 Rd8 27.Nc2 Nbc6 28.Nxd4 Rxd4
29.Rxd4 Nxd4 30.Kd2 Kf6 31.Kc3 Ne6 32.Bxe6 Kxe6 33.b4 a5 34.b5 a4 35.a3 h6
36.h4 Ra5 37.Kb4 Ra7 38.g3 g5 39.hxg5 hxg5 40.fxg5 Kf7 41.Nc8 Ra8 42.Nd6+ Ke6
43.Nxb7 Rg8 44.b6 Rxg5 45.Na5 Rxg3 46.b7  1-0

[Event "Kiev"]
[Site "Kiev"]
[Date "1978.??.??"]
[Round "2"]
[White "Peresipkin, Vladimir"]
[Black "Alburt, Lev O"]
[Result "1-0"]
[WhiteElo "2200"]
[BlackElo "2510"]

1.e4 Nf6 2.Nc3 d5 3.exd5 Nxd5 4.Nxd5 Qxd5 5.d4 Nc6 6.Nf3 e5 7.Be3 Bg4 8.dxe5 Bxf3
9.Qxf3 Qxf3 10.gxf3 Nxe5 11.O-O-O Bd6 12.Bb5+ Kf8 13.Be2 f5 14.Rd5 Ke7 15.Bd4 Nc6
16.Bxg7 Rhg8 17.Bc3 Raf8 18.Bd3 Rg5 19.Bd2 Rh5 20.h4 Kd7 21.Bg5 Ne5 22.Be2 f4
23.Rhd1 h6 24.Rxe5 hxg5 25.hxg5 Rg8 26.Rb5 Kc6 27.Rg1 Be7 28.Ra5 a6 29.Ra4 Rhxg5
30.Rg4 Bd6 31.Rd4 b5 32.Rd1 Be5 33.c3 R5g7 34.Rdg1 Bf6 35.Kc2 Rg5 36.Re1 Be5
37.a4 Bd6 38.a5 b4 39.Reg1 Be7 40.Bxa6 bxc3 41.Bc4 Rxg4 42.fxg4 Rg5 43.Re1 Bd6
44.a6 Bc5 45.f3 cxb2 46.Re8 Bd4 47.Rd8 Bb6 48.Kxb2 Kc5 49.Bd3 Kb4 50.Rb8 Ka5
51.Rb7 Kb4 52.Bf5 Rg8 53.Be4 Ka5 54.a7 Bd4+ 55.Kb3 Ra8 56.Kc4  1-0

[Event "Kiev"]
[Site "Kiev"]
[Date "1978.??.??"]
[Round "10"]
[White "Platonov, Igor V"]
[Black "Alburt, Lev O"]
[Result "1-0"]
[WhiteElo "2455"]
[BlackElo "2515"]

1.d4 Nf6 2.Nf3 c5 3.c3 Qc7 4.Bg5 Ne4 5.Bh4 d5 6.e3 cxd4 7.exd4 Nc6 8.Qb3 Qf4
9.Na3 e6 10.Bd3 Nd2 11.Nxd2 Qxh4 12.O-O Bd6 13.g3 Qd8 14.Rfe1 Be7 15.Nab1 h5
16.Nf3 h4 17.Nbd2 Bd7 18.Rac1 Rb8 19.Qd1 hxg3 20.hxg3 Bd6 21.Kg2 Qf6 22.Qe2 Ke7
23.b4 Rh5 24.Rh1 Rbh8 25.Rxh5 Rxh5 26.Rh1 Rxh1 27.Kxh1 Kd8 28.Kg2 a6 29.b5 axb5
30.Bxb5 Qh6 31.Nb3 Ke7 32.a4 f6 33.a5 Qh7 34.Qa2 Qh8 35.Nh4 Qa8 36.Qe2 Kd8
37.Bxc6 bxc6 38.Ng6 Qb7 39.Nc5 Bxc5 40.dxc5 Qa7 41.Qb2 Be8 42.Nf8 Qxa5 43.Qb7  1-0

[Event "Malta ol (Men)"]
[Site "La Valetta"]
[Date "1980.??.??"]
[Round "?"]
[White "Alburt, Lev O"]
[Black "Hort, Vlastimil"]
[Result "1/2-1/2"]
[WhiteElo "2515"]
[BlackElo "2595"]

1.d4 Nf6 2.c4 g6 3.Nc3 Bg7 4.e4 d6 5.Be2 O-O 6.Bg5 h6 7.Be3 e5 8.d5 Na6 9.h4 h5
10.f3 c6 11.Nh3 cxd5 12.cxd5 Bd7 13.Nf2 Qb8 14.a4 Rc8 15.O-O Be8 16.a5 Qc7
17.Qb3 Qe7 18.Bg5 Nc5 19.Qa3 Qf8 20.g4 Nh7 21.Be3  1/2-1/2